000 00720nam a2200217Ia 4500
001 2923
003 GE_BSU
008 181216s||||||||xx |||||||||||||| ||und||
040 _cGE_BSU
080 _a628.16.034
100 _aГамер,П. Джексон,Д. Серстон,И.
245 _aОчистка воды для промышленных предприятий.
245 _cНауч. ред.В.И.Малов.
250 _aперевод с английского В.М.Кольнера.
260 _aМ.
260 _bСтройиздат.
260 _c1968.
300 _a416стр.22см.
653 _aОчистка воды для промышленных предприятий.
942 _cBK
999 _c36971
_d36971